zpět

Detail výsledku týmu

Olomouc speciál, Olomouc

Datum a čas kvízu

23.5 Celkem bodů Celkový počet nahraných bodů na tomto kvízu bez doplňovacích otázek.
15. Pořadí na kvízu Konečné umístění týmu na tomto kvízu.

Zaznamenané odpovědi

# Otázka Odpověď Body Výsledky
1. Zhruba před týdnem soud rozhod... Ministerstvo financí 0
2. "Já se omlouvám, já si musím v... slovinského premiéra Janeza Janšu 0
3. Ve středu měli lidé možnost se... Ondřej Kobza 0
4. Minulý týden rezignoval ředite... DPMO 1
5. Sezona F1 se rozjela VC Rakous... Valtteri Bottas 0
6. Zdaleka ne ve všech zemích Evr... 1B 2D 3A 4C 0
7. Vraťme se teď společně do roku... 6 zemí 0
8. Pokud bychom se na evropské mě... kuna , marka 0.5
9. Kanada, Austrálie, Nový Zéland... jejich bankovky jsou z plastu/polymeru 0
10. A nakonec trocha kreativity. Z... šakal - šekel 0